| Tag |
First Indicator |
Second Indicator |
Subfields |
| LEADER |
00000cam a22000001a 4500 |
| 001 |
in00000090672 |
| 005 |
20151008065740.0 |
| 008 |
771130s1962 ilua 00000 engm |
| 010 |
|
|
|a 64016319
|
| 020 |
|
|
|a 0695900404 (trade)
|
| 020 |
|
|
|a 0695500406 (Titan)
|
| 035 |
|
|
|a (OCoLC)00913621
|
| 035 |
|
|
|9 AAK6509AM
|
| 040 |
|
|
|a DLC
|c DLC
|d TXA
|d UtOrBLW
|
| 049 |
|
|
|a [Curr Col] TXAM
|c [1407147]
|
| 050 |
0 |
0 |
|a MT95
|b G73
|
| 082 |
0 |
|
|a 792.84
|
| 100 |
1 |
|
|a Goulden, Shirley.
|
| 245 |
1 |
4 |
|a The royal book of ballet /
|c by Shirley Goulden ; illustrated by Maraja.
|
| 264 |
|
1 |
|a Chicago :
|b Follett Pub. Co.,
|c [1962]
|
| 264 |
|
4 |
|c ©1962
|
| 300 |
|
|
|a 74 pages :
|b color illustrations ;
|c 32 cm.
|
| 336 |
|
|
|a text
|b txt
|2 rdacontent
|
| 337 |
|
|
|a unmediated
|b n
|2 rdamedia
|
| 338 |
|
|
|a volume
|b nc
|2 rdacarrier
|
| 505 |
0 |
|
|a Swan lake -- The sleeping beauty -- Giselle -- The nutcracker -- Petrushka -- Coppelia.
|
| 650 |
|
0 |
|a Ballets
|v Stories, plots, etc.
|
| 999 |
|
|
|a MARS
|
| 999 |
f |
f |
|s 1be75dcb-eb7e-38e4-ad32-900fd5f9ea19
|i d5c8ca39-ce3d-304a-bf8f-fd67a243825d
|t 0
|
| 952 |
f |
f |
|p normal
|a Texas A&M University
|b College Station
|c Sterling C. Evans Library
|d Evans: Curriculum Collection (4th floor)
|t 0
|e MT95 G73
|h Library of Congress classification
|i unmediated -- volume
|m A14805991106
|
| 998 |
f |
f |
|a MT95 G73
|t 0
|l Evans: Curriculum Collection (4th floor)
|